[Event "Guelph Pro-Am int."]
[Site "Guelph CAN"]
[Date "2003.08.09"]
[Round "8"]
[White "Ockhoos, Jura"]
[Black "Bolduc, Steve"]
[Result "0-1"]
[WhiteElo "2292"]
[BlackElo "2259"]
[PlyCount "94"]
[EventDate "2003.08.04"]
[EventType "swiss"]
[EventRounds "9"]
[EventCountry "CAN"]

1. e4 c5 2. Nf3 Nc6 3. Bb5 g6 4. O-O Bg7 5. c3 e5 6. d3 Nge7 7. Re1 O-O 8. Nbd2
d6 9. Nf1 a6 10. Ba4 b5 11. Bb3 Na5 12. Bc2 Bb7 13. Bd2 Qc7 14. b4 cxb4 15.
cxb4 Nac6 16. Ne3 Nd4 17. Nxd4 exd4 18. Nf1 d5 19. Rc1 dxe4 20. dxe4 Qd7 21.
Bd3 f5 22. Qb3+ Kh8 23. exf5 Nxf5 24. Ng3 Nxg3 25. hxg3 Bd5 26. Qb2 Rae8 27.
Rxe8 Rxe8 28. a3 Rc8 29. Rxc8+ Qxc8 30. Qb1 Qc6 31. f3 Bc4 32. Kf2 Kg8 33. g4
Kf7 34. Be4 Qd6 35. f4 d3 36. Kf3 Qd4 37. f5 Bd5 38. Qe1 Be5 39. Bxd5+ Qxd5+
40. Qe4 Qd6 41. Qb7+ Kg8 42. Qa8+ Kg7 43. Qb7+ Kg8 44. Qe4 Kg7 45. Ke3 Bf6 46.
Qxd3 Qg3+ 47. Ke2 Qxg4+ 0-1

[Event "Guelph Pro-Am int."]
[Site "Guelph CAN"]
[Date "2003.08.10"]
[Round "9"]
[White "MacPhail, John"]
[Black "Bolduc, Steve"]
[Result "1/2-1/2"]
[WhiteElo "2365"]
[BlackElo "2259"]
[PlyCount "21"]
[EventDate "2003.08.04"]
[EventType "swiss"]
[EventRounds "9"]
[EventCountry "CAN"]

1. e4 c5 2. Nf3 Nc6 3. d4 cxd4 4. Nxd4 g6 5. Nc3 Bg7 6. Be3 Nf6 7. Be2 O-O 8.
O-O d5 9. exd5 Nxd5 10. Nxd5 Qxd5 11. Nxc6 1/2-1/2

[Event "Halloween op"]
[Site "Edmonton CAN"]
[Date "2003.10.02"]
[Round "1"]
[White "Ludwig, David"]
[Black "Hughey, Micah"]
[Result "1/2-1/2"]
[WhiteElo "1684"]
[BlackElo "2137"]
[PlyCount "64"]
[EventDate "2003.10.02"]
[EventType "swiss"]
[EventRounds "5"]
[EventCountry "CAN"]

1. c4 e6 2. Nf3 d5 3. cxd5 exd5 4. g3 c5 5. Bg2 Nc6 6. O-O Nf6 7. d3 Be7 8. b3
O-O 9. Bb2 Bg4 10. Ne5 Nxe5 11. Bxe5 Qd7 12. Nc3 Bh3 13. f3 d4 14. Bxf6 Bxf6
15. Ne4 Be7 16. f4 Bg4 17. Qe1 Rfe8 18. Nf2 Be6 19. Ne4 Rac8 20. Qf2 g6 21. Nd2
b5 22. Nf3 Bf6 23. Rad1 Bg4 24. Kh1 Re3 25. Rd2 Rce8 26. Ng1 Qe6 27. f5 gxf5
28. h3 Bxe2 29. Nxe2 Rxe2 30. Rxe2 Qxe2 31. Qxf5 Re6 32. Be4 c4 1/2-1/2

[Event "Halloween op"]
[Site "Edmonton CAN"]
[Date "2003.10.02"]
[Round "1"]
[White "White, Daniel"]
[Black "Wihnon, Jason"]
[Result "0-1"]
[WhiteElo "1471"]
[BlackElo "1801"]
[PlyCount "42"]
[EventDate "2003.10.02"]
[EventType "swiss"]
[EventRounds "5"]
[EventCountry "CAN"]

1. Nf3 Nf6 2. c4 g6 3. d4 Bg7 4. Nc3 d5 5. g3 O-O 6. b3 dxc4 7. bxc4 c5 8. Be3
Ng4 9. Qd2 Nxe3 10. fxe3 cxd4 11. exd4 Nc6 12. e3 Bf5 13. Bd3 Bxd3 14. Qxd3 e5
15. Ne2 Re8 16. Qd2 exd4 17. Nfxd4 Nxd4 18. exd4 Bxd4 19. Qf4 Bxa1 20. O-O Qb6+
21. Kh1 Qf6 0-1

[Event "Halloween op"]
[Site "Edmonton CAN"]
[Date "2003.10.09"]
[Round "2"]
[White "Verlik, Val"]
[Black "White, Daniel"]
[Result "0-1"]
[WhiteElo "1376"]
[BlackElo "1471"]
[PlyCount "70"]
[EventDate "2003.10.02"]
[EventType "swiss"]
[EventRounds "5"]
[EventCountry "CAN"]
[SourceDate "2003.08.17"]

1. e4 g6 2. Nf3 Bg7 3. Bc4 c6 4. Ng5 e6 5. d3 d5 6. Bb3 h6 7. Nf3 Qa5+ 8. Nbd2
Nd7 9. exd5 cxd5 10. a3 Nc5 11. O-O Bd7 12. Qe2 Nxb3 13. Nxb3 Qc7 14. c3 Ne7
15. Be3 Nf5 16. Bd2 Qb6 17. Nfd4 Nxd4 18. Nxd4 e5 19. Nf3 O-O 20. Bc1 e4 21.
Nd2 exd3 22. Qe7 Bc6 23. Qe3 d4 24. Qxd3 dxc3 25. Nc4 Qa6 26. b3 b5 27. Ne3
Rad8 28. Qc2 b4 29. a4 Qd3 30. Qxd3 Rxd3 31. Ng4 g5 32. Be3 f5 33. Bc5 Re8 34.
Bxb4 fxg4 35. Rac1 Re2 0-1

[Event "Halloween op"]
[Site "Edmonton CAN"]
[Date "2003.10.16"]
[Round "3"]
[White "Hughey, Micah"]
[Black "Rekhson, Vladislav"]
[Result "0-1"]
[WhiteElo "2137"]
[BlackElo "1916"]
[PlyCount "51"]
[EventDate "2003.10.02"]
[EventType "swiss"]
[EventRounds "5"]
[EventCountry "CAN"]

1. e4 e5 2. Nf3 Nc6 3. Bb5 a6 4. Ba4 Nf6 5. O-O Be7 6. Bxc6 dxc6 7. Qe1 Be6 8.
d3 Nd7 9. Qc3 Bf6 10. Nbd2 Bg4 11. h3 Bh5 12. g4 Bg6 13. Nc4 Nb6 14. Nxb6 cxb6
15. g5 Be7 16. Qxe5 Qd7 17. Qxg7 O-O-O 18. Kg2 h6 19. Ne5 Qd4 20. c3 Qd6 21.
Nxg6 fxg6 22. gxh6 Bf6 23. Qf7 Rhf8 24. Qb3 Qxd3 25. Qe6+ Kb8 26. Bf4+ 0-1

[Event "Halloween op"]
[Site "Edmonton CAN"]
[Date "2003.10.16"]
[Round "3"]
[White "Smith, Kevin"]
[Black "Wihnon, Jason"]
[Result "0-1"]
[WhiteElo "1642"]
[BlackElo "1807"]
[PlyCount "78"]
[EventDate "2003.10.02"]
[EventType "swiss"]
[EventRounds "5"]
[EventCountry "CAN"]

1. d4 Nf6 2. c4 g6 3. Nc3 Bg7 4. Nf3 O-O 5. e4 d6 6. Be3 e5 7. dxe5 dxe5 8.
Qxd8 Rxd8 9. Bg5 Re8 10. Be2 c6 11. h3 Na6 12. O-O-O Nc5 13. Bxf6 Bxf6 14. Rd2
Bg7 15. Kc2 Bh6 16. Rdd1 Nxe4 17. Nxe4 Bf5 18. Bd3 Bxe4 19. Bxe4 f5 20. Bxf5
gxf5 21. Rhe1 e4 22. Nd4 Re5 23. Nxc6 bxc6 24. Rd6 Bg7 25. Rxc6 Rd8 26. Ra6 Rd7
27. b3 Kf7 28. Rd1 Ree7 29. Rxd7 Rxd7 30. Ra5 Kg6 31. g4 fxg4 32. hxg4 Rf7 33.
Kd1 Bd4 34. Rf5 Rxf5 35. gxf5+ Kxf5 36. Ke2 h5 37. b4 a5 38. c5 axb4 39. c6 Bb6
0-1

[Event "Halloween op"]
[Site "Edmonton CAN"]
[Date "2003.10.16"]
[Round "3"]
[White "White, Daniel"]
[Black "Pua, Richard"]
[Result "0-1"]
[WhiteElo "1471"]
[BlackElo "1695"]
[PlyCount "86"]
[EventDate "2003.10.02"]
[EventType "swiss"]
[EventRounds "5"]
[EventCountry "CAN"]

1. Nf3 Nf6 2. c4 e6 3. Nc3 Bb4 4. d4 b6 5. a3 Bxc3+ 6. bxc3 c5 7. e3 Nc6 8. Bd3
O-O 9. Qc2 d6 10. e4 e5 11. d5 Na5 12. h3 Ba6 13. Qe2 Qd7 14. Nd2 g6 15. g4 h5
16. Qf3 Qe7 17. g5 Ne8 18. h4 Ng7 19. Qg2 Qd7 20. Qf1 f5 21. Qh3 Qf7 22. f3
Rae8 23. Rf1 Bc8 24. Qg2 Qe7 25. Rf2 Rf7 26. Bb2 Ref8 27. exf5 Bxf5 28. Bxf5
Rxf5 29. O-O-O Qd7 30. Re1 Qa4 31. Qf1 Nb3+ 32. Nxb3 Qxb3 33. Re4 Ne8 34. Qe1
Rf4 35. Qe3 Ng7 36. Qd3 Kh7 37. Rf1 Qa4 38. Kb1 Qd7 39. Bc1 R4f5 40. f4 R8f7
41. fxe5 Rxf1 42. e6 Qa4 43. exf7 Qb3+ 0-1

[Event "Halloween op"]
[Site "Edmonton CAN"]
[Date "2003.10.23"]
[Round "4"]
[White "Rekhson, Vladislav"]
[Black "Newton, Geoff"]
[Result "1-0"]
[WhiteElo "1916"]
[BlackElo "1998"]
[PlyCount "75"]
[EventDate "2003.10.02"]
[EventType "swiss"]
[EventRounds "5"]
[EventCountry "CAN"]
[SourceDate "2003.08.17"]

1. e4 e6 2. d4 d5 3. Nc3 Bb4 4. e5 c5 5. a3 cxd4 6. Qxd4 Nc6 7. Bb5 Bxc3+ 8.
Qxc3 Bd7 9. Qg3 Nxe5 10. Qxe5 Bxb5 11. Qxg7 Qf6 12. Bh6 Qxh6 13. Qxh8 Qg6 14.
Qc3 Qxg2 15. Qg3 Qe4+ 16. Kd2 Ne7 17. Qf3 Qe5 18. Ne2 d4 19. Rhg1 d3 20. Nc3
Bc6 21. Qg3 Qf6 22. cxd3 O-O-O 23. Rad1 Nf5 24. Qf4 Rd4 25. Rg8+ Kd7 26. Qb8
Nd6 27. Rf1 Rf4 28. Qxa7 e5 29. Kc2 e4 30. dxe4 Nxe4 31. Rd1+ Ke6 32. Nxe4
Bxe4+ 33. Kc1 Qf5 34. Qd4 Bd5 35. Qb6+ Bc6 36. Re1+ Kd5 37. Rd8+ Bd7 38. Rxd7+
1-0

[Event "Halloween op"]
[Site "Edmonton CAN"]
[Date "2003.10.23"]
[Round "4"]
[White "White, Daniel"]
[Black "Smith, Kevin"]
[Result "1/2-1/2"]
[WhiteElo "1471"]
[BlackElo "1642"]
[PlyCount "123"]
[EventDate "2003.10.02"]
[EventType "swiss"]
[EventRounds "5"]
[EventCountry "CAN"]

1. Nf3 d5 2. g3 Nf6 3. c4 e6 4. b3 Be7 5. Bb2 O-O 6. Bg2 Nbd7 7. O-O Re8 8. Nc3
Nb6 9. d3 Bf8 10. Ne5 c6 11. e3 Qc7 12. Ne2 dxc4 13. bxc4 Rd8 14. Qc2 c5 15.
Rfd1 Bd7 16. Nxd7 Nbxd7 17. d4 cxd4 18. exd4 Rac8 19. Rac1 Be7 20. Rd2 Nb6 21.
c5 Nbd5 22. Nc3 Nxc3 23. Bxc3 Nd5 24. Rb1 b6 25. Rb5 bxc5 26. Ba5 Qc6 27. Bxd8
Qxb5 28. Bxe7 Nxe7 29. dxc5 g6 30. Qc3 Nd5 31. Bxd5 exd5 32. Rxd5 Qb1+ 33. Kg2
Qxa2 34. Rd7 Qa6 35. Qd4 Qc6+ 36. f3 Qe6 37. Rd6 Qe2+ 38. Qf2 Qxf2+ 39. Kxf2
Rxc5 40. Ke3 a5 41. Ra6 Rc3+ 42. Ke4 Ra3 43. f4 Ra1 44. Ke5 Kg7 45. h4 a4 46.
g4 a3 47. h5 gxh5 48. gxh5 Re1+ 49. Kf5 Rh1 50. Kg5 h6+ 51. Kg4 Ra1 52. Kf5 a2
53. Ra7 Rh1 54. Rxa2 Rxh5+ 55. Kg4 Rb5 56. Rg2 Kf6 57. Rh2 h5+ 58. Rxh5 Rxh5
59. Kxh5 Kf5 60. Kh6 f6 61. Kg7 Kxf4 62. Kxf6 1/2-1/2

[Event "Halloween op"]
[Site "Edmonton CAN"]
[Date "2003.10.23"]
[Round "4"]
[White "Wihnon, Jason"]
[Black "Dean, Tim"]
[Result "0-1"]
[WhiteElo "1760"]
[BlackElo "1790"]
[PlyCount "44"]
[EventDate "2003.10.02"]
[EventType "swiss"]
[EventRounds "5"]
[EventCountry "CAN"]
[SourceDate "2003.08.17"]

1. e4 e5 2. Nf3 Nc6 3. Bb5 f5 4. d3 fxe4 5. dxe4 Nf6 6. Nc3 Bc5 7. O-O O-O 8.
Nd5 Nxe4 9. Nxc7 Qxc7 10. Qd5+ Kh8 11. Qxe4 d6 12. Be3 Bf5 13. Qc4 Bxe3 14.
fxe3 Qb6 15. Qe2 Bg4 16. Bd3 d5 17. Bxh7 e4 18. h3 exf3 19. gxf3 Bxh3 20. Bg6
Rae8 21. Qh2 Qxe3+ 22. Rf2 Qg5+ 0-1

[Event "Halloween op"]
[Site "Edmonton CAN"]
[Date "2003.10.30"]
[Round "5"]
[White "Beebe, Greg"]
[Black "Wihnon, Jason"]
[Result "1-0"]
[WhiteElo "1759"]
[BlackElo "1760"]
[PlyCount "73"]
[EventDate "2003.10.02"]
[EventType "swiss"]
[EventRounds "5"]
[EventCountry "CAN"]
[SourceDate "2003.08.17"]

1. c4 Nf6 2. Nc3 g6 3. Nf3 Bg7 4. g3 O-O 5. Bg2 d6 6. O-O Nc6 7. d3 e5 8. Nd5
Nxd5 9. cxd5 Ne7 10. e4 c6 11. dxc6 Nxc6 12. Be3 Be6 13. Qd2 Qd7 14. Ng5 Rfc8
15. Nxe6 Qxe6 16. h4 Qe7 17. Bh3 Rc7 18. Rac1 Nd4 19. Kg2 Ne6 20. Rxc7 Qxc7 21.
Rc1 Qd8 22. Qc2 Nc5 23. b4 Na6 24. a3 h6 25. Qd2 Kh7 26. Qa2 Qe7 27. Qd5 Rd8
28. Bc8 Nb8 29. Qxb7 Qe8 30. Qxb8 Qa4 31. Qxa7 Qb3 32. Qe7 Qxd3 33. Qxd8 Qxe4+
34. Kh2 d5 35. Bb7 Qg4 36. Qxd5 Qf5 37. Rc7 1-0

[Event "Halloween op"]
[Site "Edmonton CAN"]
[Date "2003.10.30"]
[Round "5"]
[White "Hughey, Micah"]
[Black "Dean, Tim"]
[Result "0-1"]
[WhiteElo "2066"]
[BlackElo "1790"]
[PlyCount "76"]
[EventDate "2003.10.02"]
[EventType "swiss"]
[EventRounds "5"]
[EventCountry "CAN"]
[SourceDate "2003.08.17"]

1. Nf3 Nf6 2. d4 d5 3. e3 c5 4. c3 Nc6 5. dxc5 a5 6. Bb5 Bd7 7. O-O e6 8. b4
axb4 9. Bxc6 Bxc6 10. cxb4 b6 11. Nc3 bxc5 12. b5 Ne4 13. Nxe4 Bxb5 14. Ng3
Bxf1 15. Qxf1 Be7 16. Qb5+ Qd7 17. Qxd7+ Kxd7 18. Ne5+ Kc7 19. Bb2 f6 20. Nf3
Rhb8 21. Bc3 Ra3 22. Ne2 e5 23. Be1 Kc6 24. Nc1 Bd6 25. Nd2 c4 26. e4 Kc5 27.
exd5 Kxd5 28. Nb1 Raa8 29. Nc3+ Ke6 30. g4 Bc5 31. Kg2 Bd4 32. N1e2 Rb2 33. Rd1
Rd8 34. a4 Bxc3 35. Rxd8 Bxe1 36. Kf1 Bb4 37. Rb8 c3 38. a5 Bxa5 0-1

[Event "Halloween op"]
[Site "Edmonton CAN"]
[Date "2003.10.30"]
[Round "5"]
[White "Newton, Geoff"]
[Black "Pua, Richard"]
[Result "0-1"]
[WhiteElo "1998"]
[BlackElo "1786"]
[PlyCount "88"]
[EventDate "2003.10.02"]
[EventType "swiss"]
[EventRounds "5"]
[EventCountry "CAN"]

1. e4 e5 2. Nc3 Bc5 3. Nf3 d6 4. d4 exd4 5. Nxd4 Nc6 6. Nxc6 bxc6 7. Bc4 Qf6 8.
Qe2 Ne7 9. Be3 Bb6 10. O-O-O Ng6 11. Rhe1 O-O 12. Qd2 Ne5 13. Bb3 h6 14. h3 g5
15. f3 Kg7 16. Ne2 Bxh3 17. Ng3 Kg6 18. Rh1 Bxe3 19. Qxe3 Bxg2 20. Rh2 Qxf3 21.
Qe1 Qf4+ 22. Kb1 Nf3 23. Qf2 Nxh2 24. Qxg2 Qf3 25. Qg1 Rae8 26. c3 Ng4 27. Rf1
Qe3 28. Qg2 Qd3+ 29. Bc2 Ne3 30. Bxd3 Nxg2 31. e5+ f5 32. exf6+ Kf7 33. Be4 Nf4
34. Bxc6 Re6 35. Ne4 Rxe4 36. Bxe4 Kxf6 37. Bc6 h5 38. Re1 h4 39. Re4 h3 40.
Ra4 Rf7 41. Rxa7 g4 42. Ra4 Kg5 43. Ra8 Rg7 44. c4 g3 0-1

[Event "Halloween op"]
[Site "Edmonton CAN"]
[Date "2003.10.30"]
[Round "5"]
[White "Rekhson, Vladislav"]
[Black "McIntosh, Danny"]
[Result "1-0"]
[WhiteElo "1901"]
[BlackElo "1651"]
[PlyCount "53"]
[EventDate "2003.10.02"]
[EventType "swiss"]
[EventRounds "5"]
[EventCountry "CAN"]
[SourceDate "2003.08.17"]

1. e4 d5 2. exd5 Qxd5 3. Nc3 Qa5 4. d4 Nf6 5. Nf3 c6 6. Bc4 Bf5 7. Bd2 e6 8.
Qe2 Nbd7 9. O-O Be7 10. Nd5 Qd8 11. Nxe7 Qxe7 12. c3 O-O 13. Bg5 Qd6 14. Ne5
Rae8 15. Bf4 Qe7 16. Rfe1 Nb6 17. Bb3 Ne4 18. f3 Nd6 19. c4 f6 20. Nxc6 Qd7 21.
Nxa7 Ndxc4 22. Bxc4 Qxd4+ 23. Be3 Qxc4 24. Bxb6 Bd3 25. Qe3 e5 26. Rac1 Qb4 27.
Bc5 1-0

[Event "Hiver/Winter op"]
[Site "Montreal CAN"]
[Date "2003.02.28"]
[Round "1"]
[White "Bolduc, Steve"]
[Black "Leveille, Clement"]
[Result "1-0"]
[WhiteElo "2228"]
[BlackElo "1859"]
[PlyCount "43"]
[EventDate "2003.02.28"]
[EventType "swiss"]
[EventRounds "5"]
[EventCountry "CAN"]

1. d4 Nf6 2. c4 e6 3. Nf3 Bb4+ 4. Nc3 b6 5. g3 Ba6 6. Qb3 c5 7. Bg2 Nc6 8. O-O
cxd4 9. Nxd4 Nxd4 10. Qxb4 Rc8 11. Qa4 Bxc4 12. Qxa7 O-O 13. Be3 d5 14. Bxd4 b5
15. Qa3 b4 16. Qxb4 Ra8 17. b3 Ba6 18. Rfd1 Qc7 19. Bxf6 gxf6 20. Rac1 Qe5 21.
Qg4+ Kh8 22. Qf4 1-0

[Event "Hiver/Winter op"]
[Site "Montreal CAN"]
[Date "2003.02.28"]
[Round "1"]
[White "Mikanovic, Goran"]
[Black "Thomas, William"]
[Result "1-0"]
[WhiteElo "2350"]
[BlackElo "2025"]
[PlyCount "57"]
[EventDate "2003.02.28"]
[EventType "swiss"]
[EventRounds "5"]
[EventCountry "CAN"]

1. d4 f5 2. g3 Nf6 3. Bg2 g6 4. c4 Bg7 5. Nc3 d6 6. d5 O-O 7. Nf3 Bd7 8. O-O
Qe8 9. Qb3 b6 10. Nb5 Bxb5 11. cxb5 a5 12. Nd4 Nbd7 13. Qc2 Rc8 14. Ne6 Nc5 15.
Nxf8 Kxf8 16. Qc4 Nfd7 17. f4 Nf6 18. a4 Qf7 19. Ra3 h5 20. h3 c6 21. bxc6 Rxc6
22. Qb5 Rc8 23. Qxb6 Nxd5 24. Qxa5 Nf6 25. Qb5 h4 26. gxh4 Nce4 27. a5 Qe6 28.
a6 Nh5 29. a7 1-0

[Event "Hiver/Winter op"]
[Site "Montreal CAN"]
[Date "2003.03.01"]
[Round "2"]
[White "Ciobanu, Iurie"]
[Black "Prahov, Valentin"]
[Result "0-1"]
[WhiteElo "1225"]
[BlackElo "2145"]
[PlyCount "99"]
[EventDate "2003.02.28"]
[EventType "swiss"]
[EventRounds "5"]
[EventCountry "CAN"]

1. e4 c5 2. Nf3 e6 3. Nc3 Nc6 4. d4 cxd4 5. Nxd4 Nf6 6. f4 Bb4 7. Nxc6 bxc6 8.
Bd3 d5 9. Bd2 O-O 10. O-O a5 11. Kh1 Ba6 12. e5 Bxd3 13. cxd3 Nd7 14. d4 c5 15.
Be3 g6 16. Nb5 Qb6 17. Qe2 Rab8 18. a4 cxd4 19. Bxd4 Bc5 20. Bc3 Qa6 21. Qg4
Rfc8 22. Qg5 Bf8 23. h4 Nc5 24. Nd6 Bxd6 25. exd6 Ne4 26. Qe5 Nxc3 27. bxc3 Rd8
28. d7 Qc6 29. Rf3 Qxd7 30. h5 Qe7 31. Rh3 f6 32. Qe3 Re8 33. Qg3 Qg7 34. Re1
gxh5 35. Qf3 Kh8 36. Qxh5 Rg8 37. g3 Rbe8 38. Kg2 e5 39. Reh1 Re7 40. Qf3 Qg4
41. Qxg4 Rxg4 42. Kf3 Rg8 43. Rh6 e4+ 44. Kg2 Rc8 45. Rxf6 Rxc3 46. Rh5 Rc2+
47. Kf1 Rb7 48. Rf8+ Kg7 49. Rf7+ Rxf7 50. Rxd5 0-1

[Event "Hiver/Winter op"]
[Site "Montreal CAN"]
[Date "2003.03.01"]
[Round "2"]
[White "Krayushkin, Victor"]
[Black "Khassanov, Marat"]
[Result "0-1"]
[WhiteElo "2174"]
[BlackElo "2422"]
[PlyCount "50"]
[EventDate "2003.02.28"]
[EventType "swiss"]
[EventRounds "5"]
[EventCountry "CAN"]

1. c4 e6 2. Nc3 Bb4 3. Qb3 Nc6 4. e3 Nf6 5. g3 d5 6. Bg2 Bxc3 7. Qxc3 e5 8. Ne2
O-O 9. d4 Re8 10. cxd5 Nxd5 11. Qb3 Be6 12. Qxb7 Ndb4 13. Qb5 Rb8 14. Qa4 exd4
15. O-O d3 16. Nf4 Ne5 17. b3 Bg4 18. f3 d2 19. Bb2 Nxf3+ 20. Rxf3 Bxf3 21.
Bxf3 Rxe3 22. Bd1 Re1+ 23. Kf2 Nd3+ 24. Nxd3 Qxd3 25. Qxa7 Qf1# 0-1

[Event "Hiver/Winter op"]
[Site "Montreal CAN"]
[Date "2003.03.01"]
[Round "3"]
[White "Gauthier, Denis"]
[Black "Thomas, William"]
[Result "1-0"]
[WhiteElo "2070"]
[BlackElo "2025"]
[PlyCount "41"]
[EventDate "2003.02.28"]
[EventType "swiss"]
[EventRounds "5"]
[EventCountry "CAN"]

1. d4 f5 2. Nc3 g6 3. Bg5 Bg7 4. e3 Nf6 5. Bd3 d6 6. Nf3 c6 7. h4 Na6 8. a3 O-O
9. Qd2 Qe8 10. O-O-O e5 11. dxe5 dxe5 12. Bc4+ Be6 13. Nxe5 Ne4 14. Nxe4 Bxc4
15. Nxc4 Qxe4 16. Nd6 Qe6 17. Qd3 Qe5 18. Qb3+ Kh8 19. Bf4 Qf6 20. Bg5 Qe5 21.
f4 1-0

[Event "Hiver/Winter op"]
[Site "Montreal CAN"]
[Date "2003.03.01"]
[Round "3"]
[White "Ouellet-Leveille, Clement"]
[Black "Krayushkin, Victor"]
[Result "1/2-1/2"]
[WhiteElo "1887"]
[BlackElo "2174"]
[PlyCount "96"]
[EventDate "2003.02.28"]
[EventType "swiss"]
[EventRounds "5"]
[EventCountry "CAN"]

1. e4 c5 2. b3 Nc6 3. Bb2 Nf6 4. Nc3 e6 5. Nf3 Be7 6. Bb5 Qb6 7. Qe2 a6 8. Bxc6
Qxc6 9. O-O b5 10. d4 Bb7 11. d5 Qc7 12. d6 Bxd6 13. e5 Bxe5 14. Qxe5 d6 15.
Qf4 Rg8 16. Rfd1 O-O-O 17. Rd2 e5 18. Qf5+ Kb8 19. Rad1 Qc6 20. Qh3 Kc7 21.
Nd5+ Nxd5 22. Rxd5 Qxd5 23. Rxd5 Bxd5 24. Qxh7 f6 25. Nh4 Rd7 26. Ng6 Rgd8 27.
Qh5 Bc6 28. h3 d5 29. Bc3 d4 30. Ba5+ Kb7 31. Bxd8 Rxd8 32. Qh7 Rd7 33. Nf8 Re7
34. Qf5 c4 35. Ne6 Kb6 36. Nd8 Bd7 37. Qe4 Kc7 38. bxc4 bxc4 39. Qa8 Re8 40.
Qxa6 Rxd8 41. Qxc4+ Bc6 42. f3 Rd5 43. Kf2 f5 44. Qb4 g6 45. g4 e4 46. fxe4
fxe4 47. Qe7+ Rd7 48. Qe6 d3 1/2-1/2

[Event "Hiver/Winter op"]
[Site "Montreal CAN"]
[Date "2003.03.01"]
[Round "3"]
[White "Voloaca, Mihnea"]
[Black "Ciobanu, Iurie"]
[Result "1-0"]
[WhiteElo "2170"]
[BlackElo "1255"]
[PlyCount "47"]
[EventDate "2003.02.28"]
[EventType "swiss"]
[EventRounds "5"]
[EventCountry "CAN"]

1. Nf3 Nf6 2. g3 e6 3. Bg2 d5 4. O-O Be7 5. d3 O-O 6. Nbd2 c5 7. e4 Nc6 8. c3
Qc7 9. Re1 e5 10. exd5 Nxd5 11. Nc4 f6 12. Nfxe5 fxe5 13. Bxd5+ Kh8 14. Ne3 Bh3
15. Qh5 Bd7 16. Be4 h6 17. Qg6 Kg8 18. Nd5 Qd6 19. Nxe7+ Qxe7 20. Bxh6 Rf6 21.
Qh7+ Kf7 22. Bxg7 Ke6 23. Bxc6 Bxc6 24. Rxe5+ 1-0

[Event "Hiver/Winter op"]
[Site "Montreal CAN"]
[Date "2003.03.02"]
[Round "4"]
[White "Gauthier, Denis"]
[Black "Rivest, Jean-Michel"]
[Result "1-0"]
[WhiteElo "2070"]
[BlackElo "1901"]
[PlyCount "157"]
[EventDate "2003.02.28"]
[EventType "swiss"]
[EventRounds "5"]
[EventCountry "CAN"]

1. e4 d6 2. d4 Nf6 3. Nc3 g6 4. Be3 Bg7 5. Qd2 c6 6. f3 O-O 7. h4 h5 8. Nh3 b5
9. a4 b4 10. Nd1 a5 11. Bh6 e5 12. Bxg7 Kxg7 13. Ne3 Qb6 14. O-O-O Be6 15. Ng5
Qxd4 16. Qxd4 exd4 17. Rxd4 d5 18. exd5 cxd5 19. Bb5 Rc8 20. Rhd1 Nc6 21. Bxc6
Rxc6 22. f4 Rac8 23. Kb1 Rc5 24. Nf3 Ng4 25. Nxg4 hxg4 26. Ne1 Bf5 27. Rxd5
Bxc2+ 28. Nxc2 Rxc2 29. R5d2 b3 30. g3 R8c4 31. Rd3 Rb4 32. Rc1 Rg2 33. Rc5
Rg1+ 34. Rc1 Rg2 35. Rc5 Kf6 36. Rcc3 Rg1+ 37. Rc1 Rxc1+ 38. Kxc1 Kf5 39. Kd2
Ke4 40. Re3+ Kd4 41. Rd3+ Kc4 42. Rc3+ Kd5 43. Kd3 f5 44. Ke3 Re4+ 45. Kd3 Rb4
46. Ke3 Rb6 47. Kd3 Rb4 48. Ke3 Rxa4 49. Rxb3 Re4+ 50. Kd3 Rd4+ 51. Ke3 Re4+
52. Kd3 Re1 53. Rb5+ Kc6 54. Rxa5 Rg1 55. Kd4 Rxg3 56. Ra6+ Kd7 57. Rxg6 Rb3
58. h5 Rxb2 59. h6 Rh2 60. Ke5 g3 61. Rxg3 Rxh6 62. Rg7+ Ke8 63. Kxf5 Kf8 64.
Rg6 Rh1 65. Kf6 Ra1 66. f5 Rb1 67. Kg5 Ra1 68. Rb6 Ra8 69. Rh6 Kf7 70. Rh7+ Kg8
71. Rb7 Ra6 72. f6 Ra1 73. Kf5 Rf1+ 74. Ke6 Re1+ 75. Kd6 Rd1+ 76. Ke7 Re1+ 77.
Kd8 Rd1+ 78. Ke8 Re1+ 79. Re7 1-0

[Event "Hiver/Winter op"]
[Site "Montreal CAN"]
[Date "2003.03.02"]
[Round "4"]
[White "Khassanov, Marat"]
[Black "Prahov, Valentin"]
[Result "1-0"]
[WhiteElo "2422"]
[BlackElo "2145"]
[PlyCount "59"]
[EventDate "2003.02.28"]
[EventType "swiss"]
[EventRounds "5"]
[EventCountry "CAN"]

1. e4 c5 2. Nf3 e6 3. c3 Nf6 4. e5 Nd5 5. d4 cxd4 6. cxd4 b6 7. Nc3 Nxc3 8.
bxc3 Ba6 9. Ng5 Bb7 10. Bd3 g6 11. O-O Bg7 12. f4 h6 13. Nxf7 Kxf7 14. Qg4 Nc6
15. Bxg6+ Kg8 16. f5 h5 17. Bf7+ Kxf7 18. Qg6+ Kg8 19. f6 Rh7 20. Bh6 Ne7 21.
f7+ Kh8 22. Bxg7+ Rxg7 23. Qh6+ Rh7 24. f8=Q+ Qxf8 25. Rxf8+ Rxf8 26. Qxf8+ Ng8
27. Rf1 Rg7 28. g3 Bc6 29. Rf6 Kh7 30. Rf7 1-0

[Event "Hiver/Winter op"]
[Site "Montreal CAN"]
[Date "2003.03.02"]
[Round "4"]
[White "Krayushkin, Victor"]
[Black "Bolduc, Steve"]
[Result "0-1"]
[WhiteElo "2174"]
[BlackElo "2228"]
[PlyCount "110"]
[EventDate "2003.02.28"]
[EventType "swiss"]
[EventRounds "5"]
[EventCountry "CAN"]

1. c4 c5 2. Nc3 Nf6 3. g3 e6 4. Bg2 Be7 5. e3 O-O 6. Nge2 d6 7. a3 Qc7 8. O-O
a6 9. Nf4 Nbd7 10. Qe2 Rb8 11. b4 cxb4 12. axb4 Ne5 13. c5 dxc5 14. bxc5 Qxc5
15. h4 Qc4 16. Qxc4 Nxc4 17. d3 Ne5 18. Bb2 Ng6 19. Nce2 Nxf4 20. Nxf4 Bd6 21.
Rfc1 e5 22. Nd5 Nxd5 23. Bxd5 Be6 24. Bg2 f6 25. Kf1 Rfd8 26. Ke2 Kf7 27. Ba3
Bxa3 28. Rxa3 Ke7 29. Rb1 Rd7 30. Rxa6 bxa6 31. Rxb8 Ra7 32. Bc6 a5 33. Ba4 Bd7
34. Rg8 Kf7 35. Bb3+ Be6 36. Bxe6+ Kxe6 37. Kd2 a4 38. Rc8 a3 39. Rc1 a2 40.
Ra1 Ra3 41. f3 Kd5 42. g4 Kc5 43. h5 h6 44. f4 exf4 45. exf4 Kd4 46. Kc2 Rc3+
47. Kb2 Rxd3 48. Kxa2 Ke4 49. Kb2 Rg3 50. Rf1 Rxg4 51. Kc3 Kf5 52. Kd3 Rxf4 53.
Rh1 Rf3+ 54. Ke2 Kg4 55. Ra1 Rf5 0-1

[Event "Hiver/Winter op"]
[Site "Montreal CAN"]
[Date "2003.03.02"]
[Round "4"]
[White "Leclair, Hugues"]
[Black "Ouellet-Leveille, Clement"]
[Result "1-0"]
[WhiteElo "1845"]
[BlackElo "1887"]
[PlyCount "58"]
[EventDate "2003.02.28"]
[EventType "swiss"]
[EventRounds "5"]
[EventCountry "CAN"]

1. c4 e6 2. Nc3 Nf6 3. g3 b6 4. Bg2 Nc6 5. a3 Ba6 6. b4 Bxc4 7. d3 Bd5 8. e4
Nxb4 9. exd5 Nbxd5 10. Nxd5 exd5 11. Ra2 Be7 12. Nf3 O-O 13. O-O Rc8 14. Re1 c5
15. Rae2 Bd6 16. Ne5 d4 17. Bg5 h5 18. Bd5 Qc7 19. Bxf6 gxf6 20. Nxf7 Kg7 21.
Nxd6 Qxd6 22. Re7+ Kg6 23. Bf3 Rh8 24. Be4+ f5 25. Bxf5+ Kxf5 26. Qf3+ Kg6 27.
Qf7+ Kg5 28. h4+ Kg4 29. R1e4+ Kh3 1-0

[Event "Hiver/Winter op"]
[Site "Montreal CAN"]
[Date "2003.03.02"]
[Round "5"]
[White "Ouellet-Leveille, Clement"]
[Black "Octaci, Liviu"]
[Result "1-0"]
[WhiteElo "1887"]
[BlackElo "2025"]
[PlyCount "57"]
[EventDate "2003.02.28"]
[EventType "swiss"]
[EventRounds "5"]
[EventCountry "CAN"]

1. e4 c5 2. b3 Nf6 3. e5 Nd5 4. Bc4 Nb6 5. Nf3 g6 6. Nc3 Bg7 7. O-O O-O 8. Bb2
Nxc4 9. bxc4 Nc6 10. Re1 f6 11. Nd5 d6 12. exf6 exf6 13. a4 Bg4 14. h3 Bd7 15.
Ra3 Ne5 16. Qe2 Bc6 17. d4 Nxf3+ 18. Rxf3 Kh8 19. Re3 Bxa4 20. dxc5 dxc5 21.
Rd1 Qc8 22. Re7 Qf5 23. Ne3 Qg5 24. Rd5 Qf4 25. g3 Qh6 26. Kh2 Bc6 27. Ng4 Qh5
28. Rxh5 gxh5 29. Rxg7 1-0